000 00427nam a22001697a 4500
005 20180411145237.0
008 160429b xxu||||| |||| 00| 0 eng d
020 _a817188434-2
041 _aeng
082 _b00950
_a338.954
100 _aKapila Raj Kapila Uma.
_9284
245 _aEconomic Development in India
260 _aNew Delhi
_bAcademic Faundation
_c2004
300 _a255
650 _aManagement
_9241
942 _cBK
999 _c325
_d325